Score 0/20 Timer 08:00
8 Plays Today
% Correct
Correct! B is The Lion King
96.3%
Correct! A is Gladiator
94.4%
Correct! A is Mary Poppins
90.9%
Correct! D is Borat
90.4%
Correct! C is A Star Is Born
84.6%
Correct! D is A Few Good Men
82.3%
Correct! C is Joker
80.8%
Correct! D is The Santa Clause
79.8%
Correct! D is Captain Fantastic
71.7%
Correct! D is Us
67.8%
% Correct
Correct! D is The Usual Suspects
64.8%
Correct! B is Crazy Rich Asians
63.7%
Correct! C is Downton Abbey
62.7%
Correct! B is The Walk
59.1%
Correct! A is Friday Night Lights
58.1%
Correct! C is The Matrix
55.8%
Correct! A is It's a Wonderful Life
45.7%
Correct! C is Witness for the Prosecution
43.6%
Correct! D is Million Dollar Baby
41%
Correct! A is Match Point
32.8%

You're not logged in!

Compare scores with friends on all Sporcle quizzes.
OR
Log In

Sporcle TV

Today on Sporcle TV


Watch our educational content, quiz creation guides, and fun videos on Sporcle TV.

Show Comments

Extras

Top Quizzes Today


Score Distribution

Paid Content

Your Account Isn't Verified!

In order to create a playlist on Sporcle, you need to verify the email address you used during registration. Go to your Sporcle Settings to finish the process.

Report this User

Report this user for behavior that violates our Community Guidelines.

Details: